Monetary theory and practice : (Record no. 123833)

MARC details
000 -LEADER
fixed length control field 00805nam a22002537a 4500
003 - CONTROL NUMBER IDENTIFIER
control field dpl
005 - DATE AND TIME OF LATEST TRANSACTION
control field 20181203140400.0
008 - FIXED-LENGTH DATA ELEMENTS--GENERAL INFORMATION
fixed length control field 161217b xxu||||| |||| 00| 0 eng d
010 ## - LIBRARY OF CONGRESS CONTROL NUMBER
LC control number A-902921
020 ## - INTERNATIONAL STANDARD BOOK NUMBER
Terms of availability 65.00
International Standard Book Number 8170143845
035 ## - SYSTEM CONTROL NUMBER
System control number A-902921, A-812883
037 ## - SOURCE OF ACQUISITION
Source of stock number/acquisition Cen Lib/Ret
040 ## - CATALOGING SOURCE
Original cataloging agency DPL
Language of cataloging EN
Transcribing agency tit
082 ## - DEWEY DECIMAL CLASSIFICATION NUMBER
Classification number 332.401
100 ## - MAIN ENTRY--PERSONAL NAME
Personal name Dhingra, I. C.
9 (RLIN) 8191
245 ## - TITLE STATEMENT
Title Monetary theory and practice :
Statement of responsibility, etc by I. C. Dhingra [and] V.K.Garg
Remainder of title based on the new syllabus of the CAIIB-II examination /
260 ## - PUBLICATION, DISTRIBUTION, ETC. (IMPRINT)
Place of publication, distribution, etc New Delhi
Name of publisher, distributor, etc Premier book company
Date of publication, distribution, etc 1983
270 ## - ADDRESS
Address 23,Darya Ganj
City New Delhi
Postal code 110002
300 ## - PHYSICAL DESCRIPTION
Extent viii,434p.
Dimensions 21cm(Hb)
650 ## - SUBJECT ADDED ENTRY--TOPICAL TERM
Topical term or geographic name as entry element Money
9 (RLIN) 8192
650 ## - SUBJECT ADDED ENTRY--TOPICAL TERM
Topical term or geographic name as entry element Banks and banking
9 (RLIN) 8193
700 ## - ADDED ENTRY--PERSONAL NAME
9 (RLIN) 7837
Personal name Garg,V.K.
942 ## - ADDED ENTRY ELEMENTS (KOHA)
Source of classification or shelving scheme Dewey Decimal Classification
Koha item type English Books
Classification part 332.401
Call number suffix DHI
Holdings
Withdrawn status Lost status Damaged status Not for loan Home library Current library Date acquired Source of acquisition Cost, normal purchase price Total Checkouts Full call number Barcode Date last seen Date checked out Copy number Cost, replacement price Price effective from Koha item type Source of classification or shelving scheme Public note Collection code
        Central Library Central Library 12/06/2015 Cen Lib/Ret 65.00 1 332.401 DHI A-902921 11/07/2018 27/06/2018 1 65.00 12/06/2015 English Books      
Written off       Central Library Central Library 03/11/2016   65.00   332.401 DHI A-812864 03/11/2016   2 65.00 03/11/2016 English Books Dewey Decimal Classification Written off on approval by DLB (By Circulation); dtd 15-06-2023  
Written off       Central Library Central Library 01/12/2016 Cen Lib/Ret     332.401 DHI A-902922 01/12/2016   2   01/12/2016 English Books Dewey Decimal Classification Written off on approval by DLB (By Circulation); dtd 15-06-2023  
        Vigyan Vihar Vigyan Vihar 03/12/2018 BPPD/PUB 65.00   332.401 DHI A-812883 03/12/2018     65.00 03/12/2018 English Books Dewey Decimal Classification   Non-fiction

© Delhi Public Library
Hit Counter
free hit counter